| 000 | 00403nam a2200133Ia 4500 | ||
|---|---|---|---|
| 008 | 231129s9999||||xx |||||||||||||| ||spa|| | ||
| 020 | _a84-7530-990-9 | ||
| 040 | _bspa | ||
| 082 | _a658.04 T747m (EN PROCESO DE DESCARTE) Ej. 2 | ||
| 100 | _aTownsend Robert | ||
| 245 | 0 | _aMas arriba en la organización | |
| 264 | _aBarcelona EspaƱa : Orbis | ||
| 942 |
_2ddc _cBKS |
||
| 999 |
_c20723 _d20723 |
||